Dictionnaire de théologie catholique / T. 2, Pt. 2 Cabados - Cisterciens

Saved in:  
Bibliographic Details
Format: Print Book
Language:French
Subito Delivery Service: Order now.
Check availability: HBZ Gateway
WorldCat: WorldCat
Interlibrary Loan:Interlibrary Loan for the Fachinformationsdienste (Specialized Information Services in Germany)
Published: Paris Letouzey et Ané 1910
In: Dictionnaire de théologie catholique contenant l'exposé des doctrines de la théologie catholique, leurs preuves et leur histoire
Year: 1910
Edition:2. tirage

MARC

LEADER 00000cam a2200000 cc4500
001 1091953082
003 DE-627
005 20240425204545.0
007 tu
008 901017s1910 xx ||||| 00| ||fre c
035 |a (DE-627)1091953082 
035 |a (DE-576)021953082 
035 |a (DE-599)BSZ021953082 
035 |a (OCoLC)311434000 
040 |a DE-627  |b ger  |c DE-627  |e rakwb 
041 |a fre 
084 |a 1  |2 ssgn 
084 |a BB 1100  |2 rvk  |0 (DE-625)rvk/9120: 
245 0 0 |a Dictionnaire de théologie catholique  |n T. 2, Pt. 2  |p Cabados - Cisterciens  |c commencé sous la dir. de A. Vacant, continué sous celle de E. Mangenot avec le concours d'un grand nombre de collaborateurs 
250 |a 2. tirage 
264 1 |a Paris  |b Letouzey et Ané  |c 1910 
300 |a Sp. 1273 - 2550 
336 |a Text  |b txt  |2 rdacontent 
337 |a ohne Hilfsmittel zu benutzen  |b n  |2 rdamedia 
338 |a Band  |b nc  |2 rdacarrier 
583 1 |a Archivierung/Langzeitarchivierung gewährleistet  |f SSG  |x XA-DE-BW  |2 pdager  |5 DE-21 
773 1 8 |a Dictionnaire de théologie catholique contenant l'exposé des doctrines de la théologie catholique, leurs preuves et leur histoire  |w (DE-627)1091950601  |w (DE-576)021950601  |g T. 2, Pt. 2  |q 2,2,10  |7 nnam 
935 |a mteo 
936 r v |a BB 1100  |b Theologische Universallexika (ab 1900)  |k Theologie und Religionswissenschaften  |k Allgemeines zur Theologie  |k Lexika  |k Theologische Universallexika (ab 1900)  |0 (DE-627)1270699725  |0 (DE-625)rvk/9120:  |0 (DE-576)200699725 
951 |a MV 
ELC |b 1 
ITA |a 1  |t 1 
LOK |0 000 xxxxxcx a22 zn 4500 
LOK |0 001 2152660927 
LOK |0 003 DE-627 
LOK |0 004 1091953082 
LOK |0 005 20100730154714 
LOK |0 008 950109||||||||||||||||ger||||||| 
LOK |0 040   |a DE-21  |c DE-627  |d DE-21 
LOK |0 852   |a DE-21 
LOK |0 852 1  |c Gd 548-2  |m p  |9 00 
LOK |0 852 2  |b LS  |9 00 
LOK |0 852 1  |c theol A 243  |9 01 
LOK |0 935   |a theo  |a alls  |a konv 
LOK |0 938   |k p 
LOK |0 939   |a 09-01-95  |b l01 
ORI |a SA-MARC-ixtheoa001.raw